Tilastot visalle Historiaa kirjaimittain - C

Klikkaa tästä pelataksesi tätä visaa!

Yleistilastot

  • Tätä visaa on pelattu 382 kertaa
  • Keskiarvotulos 9 / 16

Vastaustilastot

VihjeVastaus% Oikein
Rooman suurin amfiteatteriColosseum
91%
Ruotsalainen tähtitieteilijä, joka esitti uuden lämpötila-asteikonAnders Celsius
89%
Gallian valloittanut Rooman johtajaJulius Caesar
87%
Yhdistyneen kuningaskunnan pääministeri 1940–1945Winston Churchill
85%
Etenkin roolistaan Pikku kulkurina tunnettu mykkäelokuvien aikakauden ikonisimpia näyttelijöitäCharles Chaplin
78%
Augusto Pinochet oli tämän valtion diktaattori 1974–1990Chile
78%
Yhdistyneen kuningaskunnan toiseksi vanhin yliopistoCambridge
74%
Puolalais-ranskalainen poloniumin löytänyt radioaktiivisuuden uranuurtajaMarie Curie
69%
Chicagossa 1920-luvulla vaikuttanut tunnettu gangsteriAl Capone
57%
Havaijin ensimmäisenä eurooppalaisena löytänyt brittiläinen tutkimusmatkailijaJames Cook
42%
Ranskalainen teologi, jonka mukaan yksi kristinuskon protestanttisista haaroista on nimettyJean Calvin
40%
Espanjan kaupunki, joka oli 900-luvulla Euroopan toiseksi suurin kaupunkiCórdoba
31%
Inkavaltakunnan pääkaupunkiCusco
26%
"Latinankielisen proosan mestari"Cicero
25%
Sulawesin saaren entinen nimiCelebes
22%
Roomalainen kasvillisuuden jumalatar ja Giuseppe Piazzin vuonna 1801 löytämä kääpiöplaneettaCeres
22%

Tulosjakauma

Persentiili vastausten määrän mukaan

Jokaisen tuloksen saaneiden osuus

Tuloshistoriasi

Et ole pelannut tätä visaa